00856nam a2200193 a 4500003000200000005001700002008004100019050002900060100004000089245016700129260009200296300004800388504004100436650002400477650004200501650002900543650003900572650005100611020250522161113.0021128s19uu xx 00 eng d aPGS LC 220.5b.D364 2001 aDel Rosario, Edouine Jane Gijet J. aThe awareness, perceptions and participation of the grade 6 students about the Southville International School POUCH program /cEdouine Jane Gijet J. Del Rosario. aLas Piñas City, Philippines : bSouthville International School and Colleges,c2001. a19 pages :bcolored illustrations ;c28 cm. aIncludes bibliographical references. aService learning.  aStudent volunteers in social service. aUrban poorzPhilippines. aCommunity and schoolzPhilippines. aSouthville International School (Philippines).